| 000 | 00624nam a2200217 i 4500 | ||
|---|---|---|---|
| 001 | 142261 | ||
| 003 | ES-MaACL | ||
| 005 | 20250822033342.0 | ||
| 007 | t| | ||
| 008 | 071004s1966 sp ||||1| spa d | ||
| 080 | _a355.13(04) | ||
| 100 | 1 |
_aVigón, Jorge. _9114665 |
|
| 245 | 1 | 0 |
_aHay un estilo militar de vida / _cJorge Vigón. |
| 260 |
_aMadrid : _bEditora Nacional, _c1966. |
||
| 300 |
_a240 p. ; _c20 cm. |
||
| 650 | 1 | 4 |
_aMilitares- _xEspaña. _915043 |
| 650 | 1 | 7 |
_aPsicología militar _2embne _916569 |
| 852 |
_aES-MaACL _jC-29119 _bR.59683 |
||
| 852 |
_aES-MaACL _jC-29402 _bR.59589 |
||
| 999 |
_c142261 _d142261 |
||